Proces otvárania sa Slovenska svetu a bankovníctvo

História bankovníctva na Slovensku. Päťdesiate a šesťdesiate roky 20. storočia - tuhá centralizácia. Rok 1968 prielom do monopolu zahraničného obchodu a devízového monopolu. Roky deväťdesiate ako zásadný posun v otváraní sa Slovenska svetu.

Salvato in:
Dettagli Bibliografici
Autore principale: Valach, Vladimír
Natura: Capitolo di libro
Lingua:slovacco
Soggetti:
Tags: Aggiungi Tag
Nessun Tag, puoi essere il primo ad aggiungerne!!

MARC

LEADER 00000naa$a2200000$$$4500
001 0034005
005 20220729104624.5
041 0 |a slo 
044 |a SK 
245 1 0 |a Proces otvárania sa Slovenska svetu a bankovníctvo  |c Vladimír Valach 
520 |a História bankovníctva na Slovensku. Päťdesiate a šesťdesiate roky 20. storočia - tuhá centralizácia. Rok 1968 prielom do monopolu zahraničného obchodu a devízového monopolu. Roky deväťdesiate ako zásadný posun v otváraní sa Slovenska svetu. 
610 2 0 |a bankovníctvo 
610 2 0 |a Slovensko 
610 2 0 |a história 
610 2 0 |a banky 
610 2 0 |a reformy menové 
610 2 0 |a reformy peňažné 
610 2 0 |a sústava banková 
610 2 0 |a politika menová 
100 1 |a Valach, Vladimír